| 000 -ლიდერი |
| ფიქსირებული სიგრძის საკონტროლო ველი |
01705nam a22002057a 4500 |
| 003 - საკონტროლო ნომრის იდენტიფიკატორი |
| საკონტროლო ველი |
Ge_BSU |
| 005 - ბოლო ოპერაციის თარიღი და დრო |
| საკონტროლო ველი |
20250210112509.0 |
| 008 - ფიქსირებული სიგრძის მონაცემთა ელემენტები - ზოგადი ინფორმაცია |
| ფიქსირებული სიგრძის საკონტროლო ველი |
250210s2015 ge ||||| |||| 00| 0 geo d |
| 020 ## - წიგნის საერთაშორისო სტანდარტული ნომერი |
| International Standard Book Number |
9789941134326 |
| 041 ## - ენის კოდი |
| Language code of text/sound track or separate title |
geo |
| 080 ## - უნივერსალური ათობითი კლასიფიკაციის ინდექსი |
| Universal Decimal Classification number |
378.4(479.22)(063)+27(063) ქ 73 |
| 245 ## - ცნობა სათაურის შესახებ |
| Title |
ქრისტიანობა და ეკონომიკა : |
| Remainder of title |
VIII საერთაშორისო სამეცნიერო კონფერენციის მოხსენებათა კრებული (ბათუმი, 5–6 სექტემბერი) : კონფერენცია მიეძღვნა ბათუმის შოთა რუსთაველის სახელმწიფო უნივერსიტეტის დაარსების 80 წლისთავს / |
| Statement of responsibility, etc |
რედაქტორები: რევაზ გოგოხია, გიორგი შიხაშვილი; ინგლისურენოვანი ტექსტების რედაქტორი ნანა მაისურაძე; გარეკანის დიზაინერი თინათინ ჩირინაშვილი. |
| 264 ## - წარმოების, გამოცემის, დისტრიბუციის და სხვა ცნობები |
| გამოცემის, წარმოების, დისტრიბუციის... ადგილი |
თბილისი - ბათუმი : |
| გამოცემის, წარმოების, დისტრიბუციის... სახელწოდება |
თბილ. უნ–ტის გამ–ბა; |
| გამოცემის, წარმოების, დისტრიბუციის... თარიღი |
2015. |
| 300 ## - ფიზიკური აღწერა |
| Extent |
210 გვ. ; |
| Other physical details |
27 სმ. |
| 653 ## - INDEX TERM--UNCONTROLLED |
| Uncontrolled term |
ქრისტიანობა |
| 653 ## - INDEX TERM--UNCONTROLLED |
| Uncontrolled term |
კონფერენციები |
| 700 ## - ADDED ENTRY--PERSONAL NAME |
| Personal name |
გოგოხია, რევაზ |
| Relator term |
რედაქტორი |
| 9 (RLIN) |
3350 |
| 700 ## - ADDED ENTRY--PERSONAL NAME |
| Personal name |
შიხაშვილი, გიორგი |
| Relator term |
რედაქტორი |
| 9 (RLIN) |
14494 |
| 942 ## - ADDED ENTRY ELEMENTS (KOHA) |
| Source of classification or shelving scheme |
|
| Koha item type |
წიგნი |